00482nam a2200181 a 4500001001300000003000900013005001700022008004100039020002300080082001600103100001800119245002200137260004400159300000900203500003500212505001300247650004000260nice12345678IN_TiNIC20260116015309.0070530s1986 wina grp 000 0 eng  a0919797504 c20000a303.66bTOE aToews, John E aPower of the Lamb aWinnipeg, Canada bKindred Press c1986 a183p aincludes index and biblioraphy2 aappendix aPeace-Religious Aspect-Christianity